000 005160000a22001810004500
003 MACL
005 20160527123152.0
008 160527b xxu||||| |||| 00| 0 eng d
040 _aMACL
_cMACL
041 _aHindi
082 _a891.433 HAI
100 _aह्रदयेश
_958523
245 _aगांठ
_cह्रदयेश
260 _bप्रतिमान प्रकाशन
_c1995
_aइलाहाबाद
350 _a50
650 _aNovel
_960084
942 _cHIN
_k891.433/HIR/N
_2ddc
999 _c19630
_d19630